| 000 | 00721nam a2200229Ia 4500 | ||
|---|---|---|---|
| 005 | 20220113180111.0 | ||
| 008 | 210716s2010 xx 000 0 und d | ||
| 020 | _a9788132104575 | ||
| 040 | _cAIMIT LIBRARY | ||
| 041 | _aeng | ||
| 082 |
_a001.42 _21 _bGUTG |
||
| 100 |
_aGuthrie, Gerard. _913111 |
||
| 245 |
_aBasic Research Methods: _bEntry to Science Research / _cby Gerard Guthrie. |
||
| 250 | _a1st. ed . - | ||
| 260 |
_aNew Delhi: _bSage Publications, _c2010. |
||
| 300 | _axviii,221p. ; 23.5 cm. | ||
| 650 |
_aBasic Research Methods. _913112 |
||
| 650 |
_aSocial Science Research. _913113 |
||
| 650 |
_aQualitative Data. _913114 |
||
| 650 |
_aData Collection. _913115 |
||
| 942 |
_2ddc _cBK _e1st _k001.42 GUTC |
||
| 999 |
_c206154 _d206154 |
||